[Event "Potsdam Christmas 35th"]
[Site "Potsdam"]
[Date "2010.12.28"]
[Round "4.41"]
[White "Krefenstein, Sergej"]
[Black "Calamar, Traian"]
[Result "1-0"]
[WhiteElo "1998"]
[BlackElo "1864"]
[PlyCount "61"]
[EventDate "2010.12.27"]
[EventType "swiss"]
[EventRounds "7"]
[EventCountry "GER"]
[SourceTitle "EXT 2022"]
[Source "ChessBase"]
[SourceDate "2021.10.06"]
[SourceVersion "1"]
[SourceVersionDate "2021.10.06"]
[SourceQuality "1"]

1. e4 d6 2. d4 Nf6 3. Nc3 g6 4. f3 Bg7 5. Be3 0-0 6. Qd2 c6 7. g4 e5 8. 0-0-0 Qa5 9. Bc4 b5 10. Bb3 exd4 11. Bxd4 c5 12. Bxf6 Bxf6 13. Bd5 b4 14. Nb1 Be6 15. Bxa8 Qxa2 16. c3 Nd7 17. Bd5 Bxd5 18. Qxd5 Qa4 19. Ne2 Be5 20. f4 Nb6 21. Qd3 Bg7 22. Qxd6 Rc8 23. e5 Bf8 24. Qd3 Be7 25. h4 c4 26. Qe4 Bc5 27. h5 Qa2 28. hxg6 hxg6 29. e6 Na4 30. exf7+ Kxf7 31. Rd7+ 1-0

[Event "Potsdam Christmas 35th"]
[Site "Potsdam"]
[Date "2010.12.27"]
[Round "1.41"]
[White "Calamar, Traian"]
[Black "Reyher, Bastian"]
[Result "1-0"]
[WhiteElo "1864"]
[BlackElo "717"]
[PlyCount "47"]
[EventDate "2010.12.27"]
[EventType "swiss"]
[EventRounds "7"]
[EventCountry "GER"]
[SourceTitle "EXT 2022"]
[Source "ChessBase"]
[SourceDate "2021.10.06"]
[SourceVersion "1"]
[SourceVersionDate "2021.10.06"]
[SourceQuality "1"]

1. c4 e5 2. Nc3 Nc6 3. g3 Bc5 4. Bg2 Nf6 5. e3 d6 6. Nge2 Bg4 7. f3 Bh5 8. 0-0 Qe7 9. d4 exd4 10. exd4 Bb6 11. Kh1 Bg6 12. Bg5 Nb4 13. Nf4 Bc2 14. Qd2 0-0 15. a3 Ba5 16. axb4 Bxb4 17. Qxc2 Qe3 18. Bxf6 gxf6 19. Ncd5 Qxd4 20. Nxb4 Qxc4 21. Nfd5 Kg7 22. Qf5 Rfe8 23. Qxf6+ Kf8 24. Qh8# 1-0